The Year 1912 - Statistics

General Stats
  • This quiz has been taken 44 times
  • The average score is 8 of 19
Answer Stats
Hint Answer % Correct
1500 people died over the North Atlantic in this disaster The Sinking of the R.M.S Titanic
95%
This country was founded after the reign of the Qing Dynasty Republic of China
83%
This person was elected U.S President Woodrow Wilson
81%
Arizona
57%
This Pope was born on October 17th Pope John Paul I
57%
This becomes a new U.S Territory Alaska
55%
These two states were admitted to the Union New Mexico
55%
Nabisco developed these famous cookies Oreos
50%
This person announces the discovery of the South Pole Roald Amundsen
50%
The summer olympics were held in this city Stockholm
48%
3,000 Cherry Trees are given from the Mayor of Tokyo to this city Washington D.C
31%
This Ballpark opened, it is now the oldest one in the U.S Fenway Park
24%
This Maine Company started, it's first product was boots L.L Bean
21%
The First Balkan War begins when this country delcares war against the Ottoman Empire Montenegro
21%
This First Lady was born on March 16th Pat Nixon
21%
This oil company began as American Gasoline Company Shell
17%
Youth Organization that started in Savannah, Ga Girl Scouts
14%
Continental Drift is proposed by this person Alfred Wegner
2%
This famous character first appears in The All-Story Tarzan
0%
No matching quizzes found
Score Distribution
Percent of People with Each Score
Percentile by Number Answered
Your Score History
You have not taken this quiz